00309pab a2200121 454500008004000000100002200040245004900062260000900111300001300120650002000133700002300153773001100176180718b2000 xxu||||| |||| 00| 0 eng d aHeekelman, Jac C. aWhich economic freedom contribute to growth? c2000 ap.527-44 aEconomic growth aStroup, Michael D. aKyklos